• 首页
  • 本馆介绍
  • 公告通知
  • 最新文献
  • 馆藏检索
  • 电子资源
  • 读者导购
  • 参考咨询
  • 我的图书馆
  • 登录
  • 详细信息显示
  • 放入我的书架
  • 预约/预借图书
  • 作者相关作品
  • 分类相关作品
  • 丛书相关作品
  • 出版社相关作品

书目信息

  • 表格格式
  • 工作单格式
  • 卡片格式
题名:
巴基斯坦简史
    
 
作者: 达尼 , 库雷希 , 卡比尔著 , 库雷希 编著 ;四川大学外语系 译
分册: 第二卷   苏丹统治下的穆斯林政权
出版信息: 成都   四川人民出版社  1974.08
页数: 356页
开本: 20cm
丛书名:
单 册:
中图分类: K353
科图分类:
主题词: 南亚--历史
电子资源:
ISBN:
000 00886nam0 2200265 45
001 0212190978
005 20031219104102.4
010    @dCNY1.34
091    @a11118.2
100    @a20021219d1974 km y0chiy0120 ea
101 0  @achi
105    @a z 000yy
200 1  @a巴基斯坦简史@ABa Ji Si Tan Jian Shi@h第二卷@i苏丹统治下的穆斯林政权@f(巴基斯坦)M.卡比尔著,I.H.库雷希主编著@F(Ba Ji Si Tan)M.Ka Bi Er Zhu,I.H.Ku Lei Xi Zhu Bian Zhu@g四川大学外语系译
210    @a成都@c四川人民出版社@d1974.08
215    @a356页@d20cm
517    @a苏丹统治下的穆斯林政权@ASu Dan Tong Zhi Xia De Mu Si Lin Zheng Quan
606 0  @a南亚@x历史
690    @aK353@v3
701  0 @a达尼@4编著
701  0 @a库雷希@4编著
701  0 @a卡比尔著@4编著
701  0 @a库雷希@4编著
712 02 @a四川大学外语系@ASi Chuan Da Xue Wai Yu Xi@4译
801    @aCN@bTSTC@c20021219
905    @dK353@e1:2@f1@b219247
    
    巴基斯坦简史.第二卷.苏丹统治下的穆斯林政权/(巴基斯坦)M.卡比尔著,I.H.库雷希主编著/四川大学外语系译.-成都:四川人民出版社,1974.08
    356页;20cm
    
    
    ISBN :CNY1.34
    
●
相关链接 在E读中查询图书 在五车中查询图书 在当当中查询图书 在豆瓣中查询图书


正题名:巴基斯坦简史     索取号:K353/1:2         预约/预借

序号 登录号 条形码 馆藏地/架位号 状态 备注
1 0219247   001738944   第二样本阅览室/ [索取号:K353/1:2] 在馆    
唐山师范学院图书馆 欢迎您!
大连网信软件有限公司© 版权所有